000 00650cab a2200229 4500
001 ABS53154
008 090401t1995 xxu||||| |||| 00| 0 eng d
035 _a(Sirsi) u2421
041 _aeng
100 _aD'Arcy, J.
245 _aClients with clout
260 _c1995
350 _a0
490 _aContract Journal
_v379(6033) 13 July 1995, 14-16(3)
520 _aDescribes the role of the Construction Clients Forum and includes comments from the chairman of the Forum.
650 _aCONSTRUCTION CLIENTS FORUM
650 _aHUMBY STUART
650 _aLATHAM REFORMS
690 _aBUILT ENVIRONMENT
942 _n0
948 _c04/03/1997
999 _c1462
_d1462